banner koha

Estudo de duas cultivares de triticale e sua aplicacao em produtos de massas alimenticias (macarrao, biscoito)e bolos (Registro n. 117783)

MARC details
000 -LÍDER
campo de controle de tamanho fixo 01053nas a2200313 4500
001 - NÚMERO DE CONTROLE
campo de controle BR8600719
003 - IDENTIFICADOR DO NÚMERO DE CONTROLE
campo de controle BR-BrBNA
005 - DATA E HORÁRIO DA ÚLTIMA TRANSAÇÃO
campo de controle 20231205090340.0
007 - CAMPO FIXO DE DESCRIÇÃO FÍSICA--INFORMAÇÃO GERAL
campo de controle de tamanho fixo ta
008 - CAMPO DE DADOS FIXOS--INFORMAÇÃO GERAL
campo de controle de tamanho fixo 230509b bl.|||p| |||| 00| 00por d
040 ## - FONTE DA CATALOGAÇÃO
Instituição da catalogação original BR-BrBNA
Idioma da catalogação por
Instituição que transcreveu o registro Biblioteca Nacional de Agricultura
041 ## - CÓDIGO DE IDIOMA
Código do idioma do texto/trilha sonora ou título diferente (Pt)
072 ## - CÓDIGO DE CATEGORIA DE ASSUNTO
Código de Categoria de Assunto Q02
100 1# - ENTRADA PRINCIPAL--NOME PESSOAL
Nome pessoal Leitao, R.F. de F.
100 1# - ENTRADA PRINCIPAL--NOME PESSOAL
Nome pessoal Pizzinatto, A.
100 1# - ENTRADA PRINCIPAL--NOME PESSOAL
Nome pessoal Vitti, P.
100 1# - ENTRADA PRINCIPAL--NOME PESSOAL
Nome pessoal Shirose, I.
100 1# - ENTRADA PRINCIPAL--NOME PESSOAL
Nome pessoal Mori, E.E.M.
245 1# - TÍTULO
Título Estudo de duas cultivares de triticale e sua aplicacao em produtos de massas alimenticias (macarrao, biscoito)e bolos
246 1# - FORMA VARIANTE DO TÍTULO
Título/título abreviado A study of two triticale cultivars and their application in dough products (macaroni, biscuits)and cakes
650 ## - ASSUNTO--TERMO TÓPICO
Cabeçalho tópico ou nome geográfico MACARRAO
650 ## - ASSUNTO--TERMO TÓPICO
Cabeçalho tópico ou nome geográfico BISCOITO
650 ## - ASSUNTO--TERMO TÓPICO
Cabeçalho tópico ou nome geográfico BOLO
650 ## - ASSUNTO--TERMO TÓPICO
Cabeçalho tópico ou nome geográfico TRITICALE
650 ## - ASSUNTO--TERMO TÓPICO
Cabeçalho tópico ou nome geográfico INDUSTRIA ALIMENTICIA
773 0# - ENTRADA ANALÍTICA
Título Boletim do Instituto de Tecnologia de Alimentos (Brazil)
ISSN - International Standard Serial Number ISSN 0366-0281
Partes relacionadas (Jul-Sep 1984), v. 21(3) p. 325-342
Número de controle do registro BR8600719
909 ## -
-- 202311
-- Lúcia
-- 55
-- Lúcia Elande
942 ## - ELEMENTOS DE ENTRADA ADICIONADOS (KOHA)
Fonte da classificação ou esquema de arquivamento na estante Classificação AGRIS
Ocultar no OPAC Não
Tipo de material Koha Analítica
Exemplares
Situação do descarte Fonte da classificação ou esquema de arquivamento na estante Situação física Não pode ser emprestado Biblioteca de origem Biblioteca atual Localização na estante Enumeração do periódico / cronologia Total de empréstimos Data de último acesso Número do exemplar Tipo de material Koha Fonte de aquisição
  Classificação AGRIS   Consulta local Biblioteca Nacional de Agricultura - Binagri Biblioteca Nacional de Agricultura - Binagri   (Jul-Sep 1984), v. 21(3) p. 325-342   29/11/2023 01 Periódicos Portaria Interministerial nº 164/94

BINAGRI

Telefone: (61)3218-2567/2388/3357/2097 - binagri@agro.gov.br

Ministério da Agricultura e Pecuária , Esplanada dos Ministérios, Bloco D, Anexo B, Brasília/DF, CEP: 70.043-900